Sports - Statistics

General Stats
  • This quiz has been taken 73 times
  • The average score is 10 of 10
Answer Stats
Picture Answer % Correct
Golf
100%
Tennis
100%
Basketball
96%
Soccer
96%
Baseball
95%
Skiing
95%
Swimming
95%
Football
93%
Running
93%
Hockey
91%
No matching quizzes found
Score Distribution
Percent of People with Each Score
Percentile by Number Answered
Your Score History
You have not taken this quiz